[Event "Porto San Giorgio op"]
[Site "Porto San Giorgio"]
[Date "2020.08.25"]
[Round "4"]
[White "Cassi, Elisa"]
[Black "De Carlo, Fabio"]
[Result "1/2-1/2"]
[WhiteElo "1802"]
[BlackElo "1921"]
[PlyCount "119"]
[EventDate "2020.08.22"]
[EventType "swiss"]
[EventRounds "7"]
[EventCountry "ITA"]
[SourceTitle "CBM 198 Extra"]
[Source "ChessBase"]
[SourceDate "2020.11.30"]
[SourceVersion "1"]
[SourceVersionDate "2020.11.30"]
[SourceQuality "1"]

1. e4 c5 2. Nf3 d6 3. d4 cxd4 4. Nxd4 Nf6 5. Nc3 a6 6. Be2 e5 7. Nb3 Be7 8. 0-0 0-0 9. Kh1 Be6 10. f4 exf4 11. Nd4 Nc6 12. Nxe6 fxe6 13. Bxf4 b5 14. Qe1 b4 15. Na4 Qa5 16. b3 Nd4 17. Bd3 Rac8 18. e5 dxe5 19. Bxe5 Nxc2 20. Qe2 Nxa1 21. Bxa1 e5 22. Bxe5 Rce8 23. Bxa6 Kh8 24. Bb2 Bd6 25. Qd3 Qc7 26. Bb5 Rd8 27. Qh3 Be5 28. Bc1 Ne4 29. Be3 Rxf1+ 30. Bxf1 Rf8 31. Bd3 Nf6 32. Nc5 Qd6 33. Bg1 Bd4 34. Ne6 Bxg1 35. Nxf8 Qxf8 36. Kxg1 Qc5+ 37. Kf1 Qc1+ 38. Ke2 Qb2+ 39. Kf3 Qc3 40. Qf5 g6 41. Qb5 Kg7 42. Qc4 Qe1 43. Qc7+ Kh6 44. Qf4+ Kg7 45. Qe3 Qh4 46. Qe7+ Kh6 47. Qf8+ Kg5 48. Qc5+ Kh6 49. Qc1+ Kg7 50. Qc7+ Kh6 51. Qf4+ Qxf4+ 52. Kxf4 Nd5+ 53. Ke5 Nc3 54. Kd4 Nxa2 55. Kc4 Kg5 56. g3 Kg4 57. Bb1 Nc3 58. Bd3 Na2 59. Bb1 Nc3 60. Bd3 1/2-1/2

[Event "Porto San Giorgio op"]
[Site "Porto San Giorgio"]
[Date "2019.08.25"]
[Round "2"]
[White "De Carlo, Fabio"]
[Black "Romanishin, Oleg M"]
[Result "0-1"]
[WhiteElo "1980"]
[BlackElo "2452"]
[PlyCount "72"]
[EventDate "2019.08.24"]
[EventType "swiss"]
[EventRounds "9"]
[EventCountry "ITA"]
[SourceTitle "EXT 2020"]
[Source "ChessBase"]
[SourceDate "2019.10.17"]
[SourceVersion "1"]
[SourceVersionDate "2019.10.17"]
[SourceQuality "1"]

1. Nf3 Nf6 2. g3 d5 3. Bg2 g6 4. d3 Bg7 5. 0-0 0-0 6. Nbd2 d4 7. e4 dxe3 8. fxe3 c5 9. Nb3 Qc7 10. e4 Nc6 11. Kh1 Bg4 12. Be3 b6 13. h3 Bxf3 14. Qxf3 Nh5 15. Bf4 e5 16. Be3 Nd4 17. Qf2 Ne2 18. g4 Nhg3+ 19. Kh2 Nxf1+ 20. Rxf1 Nf4 21. Nd2 Rac8 22. Bf3 b5 23. b3 a6 24. g5 Qe7 25. Bg4 Rc6 26. h4 f6 27. Qg3 Ne6 28. Bf3 fxg5 29. hxg5 Nd4 30. c3 Nxf3+ 31. Nxf3 Qd6 32. Rd1 Rc7 33. d4 cxd4 34. Rxd4 Qa3 35. Nxe5 Rxc3 36. Rd2 Rxe3 0-1

[Event "Porto San Giorgio op 27th"]
[Site "Porto San Giorgio"]
[Date "2016.08.25"]
[Round "6"]
[White "De Carlo, Fabio"]
[Black "Wustefeld, Carl"]
[Result "0-1"]
[WhiteElo "2040"]
[BlackElo "2277"]
[PlyCount "88"]
[EventDate "2016.08.20"]
[EventType "swiss"]
[EventRounds "9"]
[EventCountry "ITA"]
[SourceTitle "CBM 174 Extra"]
[Source "ChessBase"]
[SourceDate "2016.10.10"]
[SourceVersion "1"]
[SourceVersionDate "2016.10.10"]
[SourceQuality "1"]

1. e4 d5 2. exd5 Qxd5 3. Nc3 Qa5 4. g3 Nf6 5. Bg2 c6 6. Nf3 Bg4 7. h3 Bh5 8. 0-0 e6 9. a3 Nbd7 10. Rb1 Qc7 11. b4 Bd6 12. d3 0-0 13. g4 Bg6 14. Nh4 Nd5 15. Ne2 Be7 16. Nxg6 hxg6 17. c4 N5f6 18. d4 Rfd8 19. Qc2 a5 20. Bf4 Bd6 21. Bxd6 Qxd6 22. c5 Qc7 23. b5 Nd5 24. Ng3 N7f6 25. g5 Nh7 26. h4 Nf4 27. Qe4 Nd5 28. Rfc1 Nf8 29. Qg4 e5 30. Ne4 exd4 31. Nd6 Nc3 32. bxc6 Nxb1 33. Nb5 Qe7 34. cxb7 Rab8 35. Nxd4 Rxb7 36. Nc6 Qd7 37. Qe4 Nd2 38. Qc2 Re8 39. Nxa5 Rc7 40. Rd1 Re2 41. Nb3 Nf3+ 42. Bxf3 Rxc2 43. Rxd7 Nxd7 44. c6 Ne5 0-1

[Event "Porto San Giorgio op 27th"]
[Site "Porto San Giorgio"]
[Date "2016.08.21"]
[Round "2"]
[White "De Carlo, Fabio"]
[Black "Vezzosi, Paolo"]
[Result "1-0"]
[WhiteElo "2040"]
[BlackElo "2340"]
[PlyCount "41"]
[EventDate "2016.08.20"]
[EventType "swiss"]
[EventRounds "9"]
[EventCountry "ITA"]
[SourceTitle "CBM 174 Extra"]
[Source "ChessBase"]
[SourceDate "2016.10.10"]
[SourceVersion "1"]
[SourceVersionDate "2016.10.10"]
[SourceQuality "1"]

1. e4 c5 2. Nf3 e6 3. b3 Nf6 4. Bd3 d5 5. e5 Nfd7 6. 0-0 Nc6 7. Bb2 g6 8. Qe2 Bg7 9. Bb5 0-0 10. Bxc6 bxc6 11. d3 Rb8 12. c4 Re8 13. Nc3 d4 14. Na4 Qa5 15. Bc1 h6 16. Bf4 g5 17. Bg3 Nb6 18. Nxb6 axb6 19. Nd2 Qa7 20. f4 Qe7 21. Ne4 1-0

[Event "Campobasso op 14th"]
[Site "Campobasso"]
[Date "2007.07.20"]
[Round "2"]
[White "De Carlo, Fabio"]
[Black "Castellano, Alfonso"]
[Result "1-0"]
[WhiteElo "2070"]
[BlackElo "1903"]
[PlyCount "81"]
[EventDate "2007.07.20"]
[EventType "swiss"]
[EventRounds "6"]
[EventCountry "ITA"]
[SourceTitle "EXT 2009"]
[Source "ChessBase"]
[SourceDate "2008.11.26"]
[SourceVersion "1"]
[SourceVersionDate "2008.11.26"]
[SourceQuality "1"]

1. c4 b6 2. Nc3 Bb7 3. Nf3 Nf6 4. g3 g6 5. Bg2 Bg7 6. 0-0 d6 7. d4 Nbd7 8. Re1 0-0 9. e4 e5 10. d5 a5 11. Re2 Nh5 12. Nd2 f5 13. f3 Ba6 14. a3 Bb7 15. Na2 a4 16. Nb4 Nc5 17. Qc2 Bc8 18. Nc6 Qe8 19. b4 axb3 20. Nxb3 Nxb3 21. Qxb3 Bd7 22. Rb1 Kh8 23. Nb4 Nf6 24. Bb2 fxe4 25. fxe4 Ng4 26. h3 Nf6 27. Rf1 b5 28. c5 dxc5 29. Nc6 Bxc6 30. dxc6 Qxc6 31. Bxe5 Qb6 32. Qb2 Rae8 33. Ref2 Re6 34. Bc3 g5 35. e5 Nd7 36. Rxf8+ Nxf8 37. Bd5 Re7 38. e6 c4+ 39. Kg2 Ng6 40. Bxg7+ Rxg7 41. Rf7 1-0

[Event "Torre del Greco op"]
[Site "Torre del Greco"]
[Date "2006.09.10"]
[Round "8"]
[White "De Carlo, Fabio"]
[Black "Manguso, Mauro"]
[Result "0-1"]
[WhiteElo "1864"]
[BlackElo "2054"]
[PlyCount "110"]
[EventDate "2006.09.03"]
[EventType "swiss"]
[EventRounds "9"]
[EventCountry "ITA"]
[SourceTitle "EXT 2007"]
[Source "ChessBase"]
[SourceDate "2006.11.23"]
[SourceVersion "1"]
[SourceVersionDate "2006.11.23"]
[SourceQuality "1"]

1. c4 g6 2. Nc3 Bg7 3. g3 c5 4. Bg2 Nc6 5. a3 e6 6. b4 d6 7. Rb1 Nge7 8. e3 0-0 9. Nge2 Rb8 10. d4 cxd4 11. exd4 e5 12. Bb2 Bg4 13. h3 Bf5 14. d5 Nd4 15. Ne4 Nxe2 16. Qxe2 b5 17. Nxd6 Bxb1 18. Nxb5 Rxb5 19. cxb5 Nxd5 20. 0-0 Bf5 21. Rd1 e4 22. Bxg7 Kxg7 23. Qb2+ Qf6 24. Qxf6+ Nxf6 25. g4 Be6 26. Rd4 Re8 27. a4 Bb3 28. a5 Rb8 29. b6 axb6 30. a6 b5 31. g5 Nd5 32. Bxe4 Nb6 33. Rd6 Re8 34. Bb7 Nc8 35. Rc6 Na7 36. Rc7 Kf8 37. Kg2 Re7 38. Rc5 Ke8 39. Kf3 Bc4 40. Kf4 Kd8 41. h4 Re2 42. f3 Rb2 43. Ke5 Rxb4 44. Kd6 Be6 45. Rc1 Rxh4 46. Kc5 Kc7 47. Be4 h6 48. Kd4+ Kd6 49. Kc3 hxg5 50. Rd1+ Kc7 51. Rg1 f5 52. Bb7 b4+ 53. Kb2 Rh2+ 54. Ka1 Nb5 55. Rc1+ Nc3 0-1